CLINICAL METHODS IN PEDIATRICS (Record no. 30479)

MARC details
000 -LEADER
fixed length control field 00337nam a22001577a 4500
003 - CONTROL NUMBER IDENTIFIER
control field SGT
020 ## - INTERNATIONAL STANDARD BOOK NUMBER
International Standard Book Number 9789354669262
082 ## - DEWEY DECIMAL CLASSIFICATION NUMBER
Classification number 918.92
Item number C25G
100 ## - MAIN ENTRY--PERSONAL NAME
Personal name GUPTA, PIYUSG
245 ## - TITLE STATEMENT
Title CLINICAL METHODS IN PEDIATRICS
250 ## - EDITION STATEMENT
Edition statement 6TH
260 ## - PUBLICATION, DISTRIBUTION, ETC. (IMPRINT)
Place of publication, distribution, etc INDIA
Name of publisher, distributor, etc CBS PUB
Year of Publication 2025
300 ## - PAGE DESCRIPTION
No. of Pages 662
650 ## - SUBJECT ADDED ENTRY--TOPICAL TERM
Topical term or geographic name as entry element PEDIATRICS
942 ## - ADDED ENTRY ELEMENTS (KOHA)
Source of classification or shelving scheme Dewey Decimal Classification
Koha item type Books
Holdings
Withdrawn status Lost status Source of classification or shelving scheme Damaged status Not for loan Collection code Home library Current library Shelving location Date acquired Vendor Name Cost, normal purchase price SGTU Bill Number Full call number Accession No. (Barcode) Date last seen Bill Date Koha item type Total Checkouts Date last borrowed
    Dewey Decimal Classification   Not For Loan MEDICAL SGT Medical Library SGT Medical Library Reference Book 13/02/2025 ABC DELHI 1095.00 SGTU 20481 918.92 C25G FM14631 27/03/2025 13/02/2025 Books    
    Dewey Decimal Classification     MEDICAL SGT Medical Library SGT Medical Library Text Book 13/02/2025 ABC DELHI 1095.00 SGTU 20481 918.92 C25G FM14632 21/04/2026 13/02/2025 Books 14 07/04/2026